| 000 | 00324nam a22001337a 4500 | ||
|---|---|---|---|
| 082 |
_a001 _bMAN/O |
||
| 100 | _aMANU PRATHAP | ||
| 245 |
_aOTHIRI OTHIRI ARIVUKAL _bBALASAHITHYAM |
||
| 246 |
_aOTHIRI OTHIRI ARIVUKAL _bBALASAHITHYAM |
||
| 260 |
_aKOTTAYAM _bVINAYAK BOOKS _c2008 |
||
| 300 | _a40 | ||
| 520 | _aARIVUKAL | ||
| 942 | _cBK | ||
| 999 |
_c996 _d996 |
||